Giáo trình lý thuyết quản lý kinh tế /

Uloženo v:
Podrobná bibliografie
Hlavní autor: Đỗ Hoàng Toàn
Médium: Kniha
Jazyk:Vietnamese
Vydáno: Khoa học và kỹ thuật 1997
Tagy: Přidat tag
Žádné tagy, Buďte první, kdo otaguje tento záznam!
Thư viện lưu trữ: Mạng thư viện Đại học Đà Nẵng
LEADER 00655nam a2200265 4500
001 000027277
003 ĐÔ-TZ
005 20150403120000.0
008 150403s vm 000 vie
020 |c 0,0000 
040 |a notts 
100 |a Đỗ Hoàng Toàn 
245 |a Giáo trình lý thuyết quản lý kinh tế /  |c Đỗ Hoàng Toàn. 
260 |b Khoa học và kỹ thuật  |c 1997 
OWN |a LTT 
999 |a From the UDN01 
TYP |a Monograph 
TYP |a Printed language 
980 |a Mạng thư viện Đại học Đà Nẵng